Online
Catalog

Varietà, forme e razze di cacao coltivate in San Domingo / (Record no. 27233)

MARC details
000 -CABECERA
campo de control de longitud fija 00903nam a2200277 a 4500
001 - NÚMERO DE CONTROL
campo de control 000027741
003 - IDENTIFICADOR DEL NÚMERO DE CONTROL
campo de control DO-SdBNP
005 - FECHA Y HORA DE LA ÚLTIMA TRANSACCIÓN
campo de control 20211025140022.0
007 - CAMPO FIJO DE DESCRIPCIÓN FÍSICA--INFORMACIÓN GENERAL
campo de control de longitud fija ta
008 - DATOS DE LONGITUD FIJA--INFORMACIÓN GENERAL
campo de control de longitud fija 110404s1933 it a 000 | ita d
040 ## - FUENTE DE LA CATALOGACIÓN
Centro catalogador/agencia de origen DO-SdBNP
Lengua de catalogación spa
Centro/agencia transcriptor BNPHU
041 17 - CÓDIGO DE LENGUA
Código de lengua del texto/banda sonora o título independiente it
082 #4 - NÚMERO DE LA CLASIFICACIÓN DECIMAL DEWEY
Número de clasificación 583.68
Número de documento/Ítem C569v
Número de edición 22
100 1# - ENTRADA PRINCIPAL--NOMBRE DE PERSONA
Nombre de persona Ciferri, Raffaele,
Fechas asociadas al nombre 1897-
9 (RLIN) 54818
245 10 - MENCIÓN DE TÍTULO
Título Varietà, forme e razze di cacao coltivate in San Domingo /
Mención de responsabilidad, etc. R. Ciferri.
260 ## - PUBLICACIÓN, DISTRIBUCIÓN, ETC.
Lugar de publicación, distribución, etc. Roma :
Nombre del editor, distribuidor, etc. Reale Accademia D'Italia,
Fecha de publicación, distribución, etc. 1933.
300 ## - DESCRIPCIÓN FÍSICA
Extensión v. :
Otras características físicas il. ;
Dimensiones 25 cm.
490 1# - MENCIÓN DE SERIE
Mención de serie Memorie della classe de Scienze fisiche, matematiche e naturali
Designación de volumen o secuencia 4
546 ## - NOTA DE LENGUA/LENGUAJE
Nota de lengua/lenguaje Italiano
590 ## - NOTA LOCAL (RLIN)
Nota local Inventariado, 2021 / DG
650 14 - PUNTO DE ACCESO ADICIONAL DE MATERIA--TÉRMINO DE MATERIA
Término de materia o nombre geográfico como elemento de entrada Cacao
9 (RLIN) 54819
650 14 - PUNTO DE ACCESO ADICIONAL DE MATERIA--TÉRMINO DE MATERIA
Término de materia o nombre geográfico como elemento de entrada Semillas de cacao
9 (RLIN) 54820
830 #0 - PUNTO DE ACCESO ADICIONAL DE SERIE-TÍTULO UNIFORME
Título uniforme Memorie della classe de Scienze fisiche, matematiche e naturali
Designación de volumen o secuencia 4
9 (RLIN) 54821
910 ## - DATOS DE OPCIÓN DEL USUARIO (OCLC)
Datos de opción del usuario Validado. Control de la calidad EMS.
942 ## - ELEMENTOS DE PUNTO DE ACCESO ADICIONAL (KOHA)
Fuente del sistema de clasificación o colocación Dewey Decimal Classification
Tipo de ítem Koha Libro
Holdings
Estado de retiro Estado de pérdida Fuente del sistema de clasificación o colocación Restricciones de uso No para préstamo Código de colección Localización permanente Ubicación/localización actual Ubicación en estantería Fecha de adquisición Total de préstamos Signatura topográfica completa Código de barras Fecha visto por última vez Precio válido a partir de Tipo de ítem Koha Nota pública
    Dewey Decimal Classification Excluido de préstamo   General Raros y Valiosos Biblioteca Nacional Pedro Henríquez Ureña General Depósito 04.04.2011   BNPHU GR-RV 583.68 C569v 27741-10 25.06.2020 25.06.2020 Libro Dedicado por el autor al rector UASD

Powered by Koha